000 00810nas a2200265 4500
001 BR8602579
003 BR-BrBNA
005 20231205090501.0
007 ta
008 230509b bl.|||p| |||| 00| 00por d
040 _aBR-BrBNA
_bpor
_cBiblioteca Nacional de Agricultura
041 _a(Pt)
072 _aQ02
100 1 _aTuratti, J.M.
100 1 _aCanto, W.L. do
245 1 _aInsaponificaveis do oleo de abacate [Persea americana]
246 1 _aUnsaponifiables in avocado oil
650 _aOLEO VEGETAL
650 _aABACATE
650 _aEXTRACAO
650 _aTECNOLOGIA DE ALIMENTO
773 0 _tBoletim do Instituto de Tecnologia de Alimentos (Brazil)
_xISSN 0366-0281
_g(Jul-Sep 1985), v. 22(3) p. 311-329
_wBR8602579
909 _a202311
_bLúcia
_c55
_dLúcia Elande
942 _2AGRIS
_n0
_cANA
999 _c118767
_d118767